000 006840000a22001810004500
003 MACL
005 20160514124859.0
008 160514b xxu||||| |||| 00| 0 eng d
040 _aMACL
_cMACL
041 _aHindi
082 _a891.433 CHA
100 _aचन्‍द्रा, अनिल
_956965
245 _aमनुष्‍य है महानतम
_bकहानियों और लेखों का संग्रह
_cअनिल चन्‍द्रा
260 _bआत्‍माराम एण्‍ड संस
_c2010
_aनई दिल्‍ली
350 _a200
650 _aकहानी
_956990
942 _cHIN
_k891.433/ CHA/S
_2ddc
999 _c45027
_d45027